000 00924cam a2200313 a 4500
001 3297837
003 LC
005 20160322143757.0
008 840706s1984 nyu j 000 1 eng
010 _a 83049476
020 _a9780064470223
040 _aDLC
_cDLC
_dDLC
042 _alcac
050 0 0 _aPZ 7
_b.B873 1984
082 0 0 _aFIC
_bB79m 1984
100 1 _aBrooks, Bruce.
_94780
245 1 4 _aThe moves make the man :
_ba novel /
_cby Bruce Brooks.
250 _a1st ed.
260 _aNew York :
_bHarper Trophy,
_cc1984.
300 _a252 p. ;
_c18 cm.
562 _e1
650 1 _aSports
_xFiction.
_918639
650 1 _aAfrican Americans -- Juvenile fiction.
650 1 _aFriendship -- Juvenile fiction.
856 4 2 _3Publisher description
_uhttp://www.loc.gov/catdir/description/hc044/83049476.html
906 _a7
_bcbc
_corignew
_d1
_eocip
_f19
_gy-gencatlg
942 _2lcc
_cBK
999 _c11014
_d11014